Detská výtvarná tvorba

Bibliographic Details
Main Author: Nosek, Jiří (Author)
Format: Article
Language:Slovak
PhysicalDescription:Obr.
Subjects:

MARC

LEADER 00000nab a2200000 ar4500
001 vtls009082598
003 SK-MaSNL
005 20260303044241.0
008 070725c1976 xo |r|p|||||||000 b|slo
015 |a SNBRB2007/07  |2 snkbucl 
038 |a SNKBUCL 
040 |a SNKBUCL  |b slo  |c SNKBUCL  |e AACR2 
041 |a slo 
044 |a xo  |c SK 
080 |a 73/77.077-053.2  |2 1997 
100 1 |a Nosek, Jiří  |4 aut  |9 284396 
245 1 0 |a Detská výtvarná tvorba  |c Jiří Nosek, Adalberta Červeňanská 
300 |b Obr. 
650 0 7 |a výtvarná tvorba  |2 snkbucl  |9 961890 
650 0 7 |a detská výtvarná tvorba  |2 snkbucl  |9 1032651 
773 0 |t Výtvarníctvo fotografia film  |g Roč. 14, č. 6 (1976), s. 131 
852 |a SNK  |b KIS3GCP 
999 |c 1699739  |d 1701669